Choosing good health

Bibliographic Details
Main Authors: Althaus, Ruth Ann (Author), Corbin, Charles B. (Author), Gray, Gerald E. (Author), Sroka, Stephen R. (Author), Thompson, Kelly G. (Author), Thompson, Merita Lee (Author)
Format: Book
Language:English
Published: Glenview, Illinois : Scott, Foresman 1983
Subjects:

MARC

LEADER 00000cam a2200000 7i4500
001 0000000783
005 20240919.0
008 991124 ilu a eng
020 |a 0673110656 (hbk) 
040 |a INS   |b eng   |e rda 
090 0 0 |a RA776.5   |b .C5451 1983 
245 0 0 |a Choosing good health   |c Merita Lee Thompson, Ruth Ann Althaus, Charles B. Corbin, Gerald E. Gray, Stephen R. Sroka, Kelly G. Thompson 
264 1 |a Glenview, Illinois :   |b Scott, Foresman   |c 1983 
264 4 |c ©1983 
300 |a 352 pages :   |b colour illustrations ;   |c 24 cm. 
336 |a text  |2 rdacontent 
337 |a unmediated  |2 rdamedia 
338 |a volume  |2 rdacarrier 
500 |a Includes index 
650 0 0 |a Health 
650 0 0 |a Health planning 
700 1 |a Althaus, Ruth Ann ,   |e author 
700 1 |a Corbin, Charles B. ,   |e author 
700 1 |a Gray, Gerald E. ,   |e author 
700 1 |a Sroka, Stephen R. ,   |e author 
700 1 |a Thompson, Kelly G. ,   |e author 
700 1 |a Thompson, Merita Lee ,   |e author 
999 |a 0000002237   |b BOOK   |c Open Shelf   |e Default branch